=LDR 00000nam 2200000 4500 =001 INLIS000000000032979 =005 20130612134947 =008 ***********************************ind** =035 ##$$0010-061300000032979 =041 ##$$a ind =082 ##$$a 028.55 =090 ##$$a 028.55, Sas c =100 ##$$a Sasongko, Setawan G =245 ##$$a Coconut, Kelapa, Setiawan G. Sasongko;Penerjemah, Eka Fhrestiana; Editor, Ruhy Shoheh =260 ##$$a 2007 $b Jakarta =300 ##$$a 24 hlm, Ilus, 20 cm =650 ##$$a Bacaan Anak-Anak =700 ##$$a Fhrestiara, Eka =850 ##$$a NBPNMAT